[Event "Dyfed Open"]
[Site "Fishguard"]
[Date "2019.02.23"]
[Round "2.12"]
[White "Fraser, Susanna"]
[Black "Haigh, Tony"]
[Result "1/2-1/2"]
[WhiteElo "1578"]
[BlackElo "1793"]
[PlyCount "50"]
[EventDate "2019.??.??"]

{[%evp 0,50,24,28,47,-22,40,44,65,57,78,65,67,54,50,32,42,41,44,22,31,0,-4,-20,
7,-4,15,-6,9,-23,30,6,28,-12,-19,-33,-8,-34,-9,-62,-45,-65,-44,-53,-45,-77,-67,
-81,8,-28,11,-42,21]} 1. d4 e6 2. c4 f5 3. Nf3 Bb4+ 4. Bd2 Qe7 5. g3 Nf6 6. Nc3
O-O 7. Bh3 b6 8. O-O Bb7 9. Bg2 d6 10. Qc2 Bxc3 11. Bxc3 Nbd7 12. Rad1 Be4 13.
Qb3 c5 14. d5 e5 15. Bd2 h6 16. Rfe1 g5 17. h3 Qh7 18. Qc3 Rf7 19. Bf1 f4 20.
g4 Qg7 21. Bg2 h5 22. Nh2 hxg4 23. Nxg4 Bf5 24. f3 Qh7 25. e4 Bg6 1/2-1/2

[Event "Dyfed Open"]
[Site "Fishguard"]
[Date "2019.02.23"]
[Round "2.13"]
[White "Paffard, Mark"]
[Black "Hurn, Robert Aj"]
[Result "1/2-1/2"]
[WhiteElo "1731"]
[BlackElo "1632"]
[PlyCount "71"]
[EventDate "2019.??.??"]

1. e4 c5 2. Nc3 Nc6 3. g3 g6 4. Bg2 Bg7 5. d3 d6 6. f4 e6 7. Nf3 Nge7 8. O-O
O-O 9. Ne2 d5 10. e5 Rb8 11. c3 b6 12. g4 f5 13. h3 Ba6 14. Be3 Qc7 15. Re1
Rbd8 16. Bf2 Rde8 17. Qd2 Qc8 18. Ng3 Rd8 19. gxf5 Nxf5 20. Nxf5 Rxf5 21. h4
Bh6 22. Ng5 Bxg5 23. hxg5 Ne7 24. d4 c4 25. Bg3 Rf7 26. Qe2 Nf5 27. Bh2 Qc7 28.
Bh3 Bc8 29. Bg4 Rdf8 30. Rf1 Qe7 31. Rf3 Bd7 32. Qc2 a5 33. Rh3 Rg7 34. Kg2
Rgf7 35. Rh1 Rg7 36. a3 1/2-1/2

[Event "Dyfed Open"]
[Site "Fishguard"]
[Date "2019.02.23"]
[Round "2.14"]
[White "Cooke, Mark"]
[Black "Van Kemenade, Julie"]
[Result "0-1"]
[WhiteElo "1368"]
[BlackElo "1704"]
[PlyCount "66"]
[EventDate "2019.??.??"]

1. e4 d6 2. d4 Nf6 3. Nc3 c6 4. f4 Qa5 5. Bd3 e5 6. dxe5 dxe5 7. a3 exf4 8.
Bxf4 Be6 9. Nf3 Nbd7 10. h3 Be7 11. Nd4 Nf8 12. b4 Qd8 13. Nxe6 Nxe6 14. Be3
Nd7 15. O-O Bf6 16. Qh5 Qe7 17. e5 Bxe5 18. Ne4 g6 19. Qf3 f5 20. Nf2 Bxa1 21.
Rxa1 Ne5 22. Qe2 Nxd3 23. Nxd3 Qf6 24. Re1 O-O 25. Nf2 Qf7 26. Nd3 Qf6 27. Bc1
Rfe8 28. Bb2 Qh4 29. Nf2 b5 30. Rd1 Nf4 31. Qd2 Rad8 32. Nd3 Re2 33. Qc1 Rxd3
0-1

[Event "Dyfed Open"]
[Site "Fishguard"]
[Date "2019.02.23"]
[Round "2.15"]
[White "Heap, Gerry"]
[Black "Parri, Deio"]
[Result "1-0"]
[WhiteElo "2095"]
[BlackElo "1659"]
[PlyCount "53"]
[EventDate "2019.??.??"]

1. Nf3 d5 2. g3 Nf6 3. Bg2 e6 4. O-O Be7 5. c4 O-O 6. b3 Nbd7 7. Bb2 c6 8. Qc2
b6 9. d3 Bb7 10. Nbd2 Rc8 11. Rad1 Qc7 12. e4 dxe4 13. Nxe4 c5 14. Rfe1 Rfd8
15. h4 Qb8 16. Qe2 Re8 17. Bh3 Rcd8 18. Neg5 Bxf3 19. Nxf3 h6 20. Ne5 Nxe5 21.
Bxe5 Qb7 22. Bg2 Qc8 23. Qf3 Nd7 24. Bf4 Bf6 25. Qc6 Bd4 26. Qxc8 Rxc8 27. Bb7
1-0

[Event "Dyfed Open"]
[Site "Fishguard"]
[Date "2019.02.23"]
[Round "2.16"]
[White "Denham, Colin"]
[Black "Waddington, Mike P"]
[Result "0-1"]
[WhiteElo "1653"]
[BlackElo "2074"]
[PlyCount "148"]
[EventDate "2019.??.??"]

1. Nf3 f5 2. d4 Nf6 3. e3 g6 4. Be2 Bg7 5. O-O O-O 6. Nbd2 d6 7. c3 Nc6 8. Qc2
e5 9. dxe5 dxe5 10. Qb3+ Kh8 11. Rd1 Qe7 12. Qc2 e4 13. Nd4 Ne5 14. a4 c5 15.
Nb5 Be6 16. b3 Rfd8 17. Na3 Nd3 18. Bb2 Nxb2 19. Qxb2 Nd5 20. Rac1 Bf6 21. Bc4
Nb4 22. Be2 Nd3 23. Bxd3 Rxd3 24. Nab1 Rad8 25. Qc2 Qd6 26. g3 Kg7 27. Kf1 f4
28. exf4 Bg4 29. Re1 Rxd2 30. Nxd2 Qxd2 31. Qxe4 Rd7 32. Qc4 b6 33. a5 Bf3 34.
axb6 axb6 35. b4 Rc7 36. bxc5 Rxc5 37. Qe6 Rc6 38. Qe3 Qd5 39. Kg1 Bh1 40. Kf1
Bg2+ 41. Kg1 Bh3 42. Qe4 Qxe4 43. Rxe4 Rxc3 44. Rce1 Rb3 45. Rc1 b5 46. Ree1 b4
47. Rb1 Rxb1 48. Rxb1 Bc3 49. f3 Bd4+ 50. Kh1 Bc3 51. g4 h5 52. gxh5 gxh5 53.
Kg1 Bf5 54. Rc1 Bd4+ 55. Kf1 b3 56. Rc7+ Kf8 57. Rb7 b2 58. Kg2 b1=Q 59. Rxb1
Bxb1 60. Kg3 Kg7 61. Kh4 Kh6 62. Kg3 Kg6 63. Kg2 Kf5 64. Kg3 Bf6 65. h3 Be7 66.
Kf2 Kxf4 67. Kg2 Bh4 68. Kh2 Kxf3 69. Kh1 Kg3 70. Kg1 Kxh3 71. Kh1 Kg3 72. Kg1
Bd3 73. Kh1 Bg5 74. Kg1 Be3+ 0-1

[Event "Dyfed Open"]
[Site "Fishguard"]
[Date "2019.02.23"]
[Round "2.17"]
[White "Pearson, Raymond"]
[Black "Morgans, Justin"]
[Result "1/2-1/2"]
[WhiteElo "1890"]
[BlackElo "1646"]
[PlyCount "52"]
[EventDate "2019.??.??"]

1. e4 c6 2. c4 e6 3. d4 d5 4. cxd5 exd5 5. e5 Bb4+ 6. Nc3 Ne7 7. Bd3 Bf5 8.
Nge2 Nd7 9. O-O h6 10. Ng3 Be6 11. a3 Ba5 12. Nh5 Kf8 13. Nf4 Qe8 14. Qf3 Kg8
15. Nce2 Nf8 16. Nh5 Neg6 17. Neg3 Bd8 18. Bd2 a5 19. b4 b6 20. bxa5 bxa5 21.
Rfb1 Nh7 22. Rb7 Ng5 23. Qd1 Bc8 24. Rb3 Nh4 25. Nf4 g6 26. Rab1 Bc7 1/2-1/2

[Event "Dyfed Open"]
[Site "Fishguard"]
[Date "2019.02.23"]
[Round "2.18"]
[White "Buttell, David"]
[Black "Roberts, Malcolm A"]
[Result "1-0"]
[WhiteElo "1793"]
[BlackElo "1630"]
[PlyCount "72"]
[EventDate "2019.??.??"]

1. d4 d5 2. c4 c6 3. Nf3 Nf6 4. Nc3 g6 5. e3 Bg7 6. Be2 O-O 7. O-O Nbd7 8. cxd5
cxd5 9. Bd2 Nb6 10. Rc1 Bd7 11. Ne5 a6 12. Qb3 Be6 13. a4 Rb8 14. a5 Nbd7 15.
Nxd7 Qxd7 16. Na4 Ne4 17. Bb4 Rfe8 18. f3 Nd6 19. Nb6 Qd8 20. Rc5 Nf5 21. Kh1
Bh6 22. f4 Bf8 23. Rfc1 Nd6 24. Bf3 Ne4 25. Bxe4 dxe4 26. Qc2 Bf5 27. Rd5 Rc8
28. Rxd8 Rxc2 29. Rxc2 Rxd8 30. Rc7 Rb8 31. h3 h5 32. Bxe7 Bg7 33. Bc5 Be6 34.
d5 Bf5 35. b4 Bf6 36. Be7 Bc3 1-0

[Event "Dyfed Open"]
[Site "Fishguard"]
[Date "2019.02.23"]
[Round "2.19"]
[White "Chong, Kimberly"]
[Black "Leah, Howard"]
[Result "1-0"]
[WhiteElo "1720"]
[BlackElo "1613"]
[PlyCount "97"]
[EventDate "2019.??.??"]

1. e4 c5 2. c3 Nc6 3. d4 cxd4 4. cxd4 d6 5. Nf3 Qa5+ 6. Nc3 Bg4 7. Be2 e6 8. d5
exd5 9. exd5 Bxf3 10. Bxf3 Ne5 11. Be2 a6 12. Bd2 Be7 13. Rc1 Nf6 14. Nb5 Qd8
15. Nc7+ Kf8 16. Nxa8 Qxa8 17. Qb3 Ne4 18. Bf4 Nc5 19. Qc2 g5 20. Bxe5 dxe5 21.
b4 Nd7 22. O-O Nb6 23. Qf5 Kg7 24. Qxe5+ Bf6 25. Qf5 Qd8 26. Rfd1 Qd6 27. Bf3
h6 28. Rc2 Re8 29. Be4 Rh8 30. Rdc1 Be5 31. g3 Qe7 32. a4 Nd7 33. Rc8 Nf6 34.
Rxh8 Kxh8 35. Rc8+ Kg7 36. Rc4 Nxe4 37. Rxe4 f6 38. f4 gxf4 39. Qg4+ Kf8 40.
Qc8+ Kg7 41. Qc5 Qd7 42. Qc4 fxg3 43. Rg4+ Kf8 44. hxg3 Bd6 45. Rh4 Qg7 46.
Qc8+ Kf7 47. Qd7+ Be7 48. Qe6+ Ke8 49. Rg4 1-0

[Event "Dyfed Open"]
[Site "Fishguard"]
[Date "2019.02.23"]
[Round "2.20"]
[White "Philpin, Les"]
[Black "Watkins, Peter"]
[Result "1-0"]
[WhiteElo "1702"]
[BlackElo "1581"]
[PlyCount "109"]
[EventDate "2019.??.??"]

1. d4 Nf6 2. Nf3 e6 3. Bf4 c5 4. c3 Nc6 5. e3 d5 6. Be2 Be7 7. Nbd2 cxd4 8.
exd4 Bd7 9. h3 O-O 10. Qc2 Rc8 11. Qd3 h6 12. Ne5 Re8 13. Qg3 Ne4 14. Nxe4 dxe4
15. Bxh6 Bf8 16. Be3 Nxe5 17. Qxe5 Bc6 18. Bf4 Qd5 19. h4 f6 20. Qxd5 exd5 21.
Bh5 Red8 22. Bg6 Be8 23. h5 Rc6 24. Bxe8 Rxe8 25. Ke2 Bd6 26. Be3 f5 27. Rh3 f4
28. Bd2 Bc7 29. Rah1 Ree6 30. Rh4 Rf6 31. Rg4 Rce6 32. Rg5 f3+ 33. Kf1 fxg2+
34. Kxg2 Rd6 35. Rh3 Kh7 36. Rhg3 Rd7 37. R3g4 Rdf7 38. Be3 Rd7 39. Rg6 Rxg6
40. hxg6+ Kg8 41. Kh3 Bd8 42. Bg5 Bf6 43. Kh4 Re7 44. Rf4 Bxg5+ 45. Kxg5 e3 46.
fxe3 Rxe3 47. Rf5 Rg3+ 48. Kf4 Rxg6 49. Rxd5 Rg2 50. Rb5 b6 51. a4 Re2 52. c4
Kf8 53. b3 Re6 54. Rf5+ Ke7 55. Re5 1-0

[Event "Dyfed Open"]
[Site "Fishguard"]
[Date "2019.02.23"]
[Round "3.1"]
[White "Zeidler, Sven P."]
[Black "Taylor, Robert Graham"]
[Result "1-0"]
[WhiteElo "2149"]
[BlackElo "1809"]
[PlyCount "119"]
[EventDate "2019.??.??"]

1. e4 Nf6 2. Nc3 e5 3. Nf3 Nc6 4. Be2 Be7 5. O-O O-O 6. d4 d6 7. h3 h6 8. b3
Re8 9. Bb2 exd4 10. Nxd4 Bf8 11. Nxc6 bxc6 12. Bf3 Bb7 13. Re1 Nh7 14. g3 g6
15. Ne2 Ng5 16. Bg2 c5 17. Nc3 Bg7 18. Qd3 a5 19. Rad1 Ba6 20. Qd2 Bb7 21. h4
Ne6 22. Na4 Bxb2 23. Nxb2 Kh7 24. Nc4 Nd4 25. c3 Ne6 26. e5 Bxg2 27. Kxg2 dxe5
28. Qxd8 Rexd8 29. Nxe5 Kg7 30. Nc6 Rf8 31. Rd7 Kf6 32. Ne5 Ra6 33. Rd5 Kg7 34.
c4 Rd6 35. Nd7 Re8 36. Red1 Ra6 37. R1d2 Rc6 38. Ne5 Ra6 39. Rd7 Rf8 40. f4 a4
41. Re7 axb3 42. axb3 Nd4 43. Rxc7 Nxb3 44. Rdd7 Ra2+ 45. Kh3 Nd2 46. Nxf7 Kf6
47. Nxh6 Ke6 48. Re7+ Kd6 49. Nf7+ Rxf7 50. Rxf7 Nxc4 51. Rfd7+ Ke6 52. Rg7 Kd5
53. Rxg6 Ne3 54. h5 Ra1 55. Kh4 c4 56. h6 Rh1+ 57. Kg5 Nf1 58. g4 Ng3 59. Rg8
Ne4+ 60. Kg6 1-0

[Event "Dyfed Open"]
[Site "Fishguard"]
[Date "2019.02.23"]
[Round "3.2"]
[White "Young, Alan"]
[Black "Thomas, Roy"]
[Result "1-0"]
[WhiteElo "2024"]
[BlackElo "1719"]
[PlyCount "69"]
[EventDate "2019.??.??"]

1. e4 c5 2. Nf3 Nc6 3. c3 d5 4. exd5 Qxd5 5. d4 Nf6 6. Na3 cxd4 7. Nb5 Qd8 8.
Nbxd4 Nxd4 9. Nxd4 a6 10. Qb3 e6 11. Be2 Qc7 12. O-O Bd6 13. Nf3 O-O 14. Bg5
Ne4 15. Bh4 Be7 16. Bxe7 Qxe7 17. a4 Qc7 18. Rfd1 Bd7 19. Rd4 Bc6 20. Qc2 f5
21. Bc4 Qe7 22. Ne5 Rac8 23. Nxc6 Rxc6 24. Rad1 Rd6 25. Rxd6 Nxd6 26. Ba2 Kh8
27. Qb3 e5 28. Qb6 Rf6 29. Qa7 Rf8 30. a5 f4 31. Qc5 Rf6 32. Qd5 Nf7 33. Qd7
Rd6 34. Rxd6 Qxd6 35. Qe8+ 1-0

[Event "Dyfed Open"]
[Site "Fishguard"]
[Date "2019.02.23"]
[Round "3.3"]
[White "Williams, A. Howard"]
[Black "Waterfield, John W"]
[Result "1-0"]
[WhiteElo "2268"]
[BlackElo "1935"]
[PlyCount "59"]
[EventDate "2019.??.??"]

1. d4 Nf6 2. c4 c5 3. d5 b5 4. Nf3 g6 5. Qc2 Bg7 6. e4 bxc4 7. Bxc4 O-O 8. O-O
d6 9. Nc3 Ba6 10. Bxa6 Nxa6 11. Bf4 Qb6 12. Qd2 Rab8 13. Rab1 Nd7 14. Rfe1 Rb7
15. Bh6 Rd8 16. Bxg7 Kxg7 17. Re3 Ne5 18. Nxe5 dxe5 19. Rh3 Rh8 20. Qh6+ Kg8
21. f4 exf4 22. e5 c4+ 23. Kh1 Qd4 24. e6 fxe6 25. Rd1 Qf2 26. Rf3 Qc2 27. Qxf4
Kg7 28. Qe5+ Kg8 29. Qxe6+ Kg7 30. Qe5+ 1-0

[Event "Dyfed Open"]
[Site "Fishguard"]
[Date "2019.02.23"]
[Round "3.4"]
[White "Van Kemenade, Julie"]
[Black "Jones, Iolo C"]
[Result "0-1"]
[WhiteElo "1704"]
[BlackElo "2205"]
[PlyCount "88"]
[EventDate "2019.??.??"]

1. e4 e5 2. Bc4 Nf6 3. d3 c6 4. Bb3 d5 5. Nd2 Na6 6. c3 Nc5 7. Bc2 dxe4 8. dxe4
Nd3+ 9. Bxd3 Qxd3 10. Qe2 Qxe2+ 11. Nxe2 Be6 12. Ng3 g6 13. Nf3 Bd6 14. Bg5 Nd7
15. Rd1 Be7 16. b3 f6 17. Bc1 a5 18. O-O a4 19. Nd2 axb3 20. axb3 Nc5 21. c4
Nd3 22. Nb1 Nxc1 23. Rxc1 Bb4 24. Ne2 g5 25. Nbc3 Ke7 26. h3 Ra3 27. Rb1 Rd8
28. Rfc1 Rd3 29. Nd5+ cxd5 30. cxd5 Bd7 31. Rc7 Ra7 32. Ng3 Kd8 33. Rc4 Be7 34.
Rbc1 b5 35. R4c2 Rxb3 36. Nf5 Ba3 37. Rd1 Bxf5 38. exf5 Rc7 39. Rc6 Rxc6 40.
dxc6+ Kc8 41. Rd7 Rc3 42. Rb7 b4 43. Rb6 b3 44. c7 Kxc7 0-1

[Event "Dyfed Open"]
[Site "Fishguard"]
[Date "2019.02.22"]
[Round "3.5"]
[White "Van Kemenade, Rudy"]
[Black "Bevan, Peter M"]
[Result "1/2-1/2"]
[WhiteElo "1944"]
[BlackElo "1907"]
[PlyCount "86"]
[EventDate "2019.??.??"]

1. e4 d5 2. Nf3 c6 3. Nc3 Bg4 4. h3 Bxf3 5. Qxf3 e6 6. d3 Nf6 7. g4 Bb4 8. Bd2
d4 9. Nb1 Qb6 10. b3 Nbd7 11. Bg2 Qa5 12. Qd1 h5 13. g5 Bxd2+ 14. Qxd2 Qxd2+
15. Nxd2 Nh7 16. h4 e5 17. Nc4 Ke7 18. Bh3 Nhf8 19. Bf5 g6 20. Bxd7 Nxd7 21. f4
exf4 22. O-O b5 23. Nd2 Ne5 24. Rxf4 Rad8 25. a4 Rd7 26. axb5 cxb5 27. Ra5 Rb7
28. Nc4 Nc6 29. Ra6 bxc4 30. Rxc6 cxd3 31. cxd3 Rd8 32. e5 Rxb3 33. Rc7+ Rd7
34. Rxf7+ Kxf7 35. Rxd7+ Ke6 36. Rxd4 Kxe5 37. Ra4 Rxd3 38. Rxa7 Rd4 39. Rg7
Rxh4 40. Rxg6 Kf5 41. Rg8 Rg4+ 42. Kh2 Rxg5 43. Rxg5+ Kxg5 1/2-1/2

[Event "Dyfed Open"]
[Site "Fishguard"]
[Date "2019.02.23"]
[Round "3.6"]
[White "Heap, Gerry"]
[Black "Paffard, Mark"]
[Result "1-0"]
[WhiteElo "2095"]
[BlackElo "1731"]
[PlyCount "61"]
[EventDate "2019.??.??"]

1. c4 Nf6 2. g3 e6 3. Bg2 Be7 4. Nf3 d6 5. O-O O-O 6. Nc3 Nbd7 7. d4 a6 8. Qc2
Rb8 9. e4 c5 10. e5 Ne8 11. exd6 Nxd6 12. b3 b5 13. cxb5 axb5 14. Bf4 g5 15.
Nxg5 Bxg5 16. Bxd6 Ba6 17. Rfd1 Bf6 18. dxc5 Qa5 19. Rac1 Rfc8 20. Bxb8 Nxb8
21. Ne4 Be7 22. Qb2 Bb7 23. b4 Qa8 24. f3 Bd5 25. Nf6+ Bxf6 26. Qxf6 Qxa2 27.
Rd4 Nc6 28. Rg4+ Kf8 29. Qh8+ Ke7 30. Qxc8 Ne5 31. Qc7+ 1-0

[Event "Dyfed Open"]
[Site "Fishguard"]
[Date "2019.02.23"]
[Round "3.8"]
[White "Greatorex, Roger"]
[Black "May, Frank"]
[Result "1/2-1/2"]
[WhiteElo "1713"]
[BlackElo "2069"]
[PlyCount "52"]
[EventDate "2019.??.??"]

1. Nf3 d5 2. b4 e6 3. Bb2 Nf6 4. a3 Nbd7 5. e3 Be7 6. c4 O-O 7. c5 c6 8. Be2 b6
9. cxb6 axb6 10. O-O c5 11. b5 Bd6 12. d3 Bb7 13. Nbd2 e5 14. Qc2 Re8 15. e4 d4
16. Nc4 Bc7 17. Bc1 Bc8 18. Bg5 h6 19. Bh4 Nf8 20. Bg3 Ng6 21. Nfd2 Nf4 22.
Bxf4 exf4 23. Bf3 Rb8 24. Qd1 g5 25. h3 Kg7 26. Re1 Be6 1/2-1/2

[Event "Dyfed Open"]
[Site "Fishguard"]
[Date "2019.02.23"]
[Round "3.9"]
[White "Miller, John S"]
[Black "Byway, Paul V"]
[Result "0-1"]
[WhiteElo "1686"]
[BlackElo "2060"]
[PlyCount "96"]
[EventDate "2019.??.??"]

1. d4 Nf6 2. Bf4 g6 3. Nf3 Bg7 4. e3 O-O 5. Nbd2 d6 6. Be2 Nbd7 7. c3 b6 8. O-O
Bb7 9. h3 c5 10. Re1 a6 11. Qc2 b5 12. a3 Qc7 13. Rac1 Rac8 14. Bh2 Qb8 15. Nb3
Be4 16. Qd1 Qa8 17. Nbd2 Bc6 18. Bd3 Ne4 19. Nxe4 Bxe4 20. Bxe4 Qxe4 21. Nd2
Qb7 22. Qe2 Nb6 23. Rcd1 Na4 24. Nf3 Qd5 25. Qc2 Qa2 26. Re2 Nb6 27. Ree1 Rfe8
28. Ra1 Qd5 29. e4 Qb7 30. Rad1 cxd4 31. Nxd4 Nd7 32. Kh1 Rc4 33. f4 Bxd4 34.
Rxd4 Rxd4 35. cxd4 Rc8 36. Qd2 Nf6 37. Qd3 Qc6 38. f5 Qc2 39. Qe3 Qxb2 40. e5
Rc3 41. Qh6 Qf2 42. Rc1 Rxc1+ 43. Qxc1 Ne4 44. f6 exf6 45. exd6 Qxd4 46. Qc8+
Kg7 47. d7 Nf2+ 48. Kg1 Nxh3+ 0-1

[Event "Dyfed Open"]
[Site "Fishguard"]
[Date "2019.02.23"]
[Round "3.10"]
[White "Hurn, Robert Aj"]
[Black "Barnaby, Nicholas"]
[Result "0-1"]
[WhiteElo "1632"]
[BlackElo "1998"]
[PlyCount "80"]
[EventDate "2019.??.??"]

1. d4 Nf6 2. c4 e6 3. Nc3 Bb4 4. e3 O-O 5. Bd3 d5 6. Nf3 c5 7. O-O Nc6 8. a3
Bxc3 9. bxc3 Qc7 10. h3 b6 11. Qc2 Ba6 12. cxd5 Bxd3 13. Qxd3 exd5 14. Rd1 c4
15. Qc2 Rfe8 16. a4 Qd7 17. Ba3 Ne4 18. Nd2 f5 19. Nxe4 fxe4 20. Qe2 Rad8 21.
Ra2 Qf5 22. Rf1 Re6 23. Kh1 Rde8 24. Bc1 Rf6 25. Bd2 Ref8 26. Be1 h6 27. Qd1
Ne7 28. a5 Qg5 29. Re2 Nf5 30. Rg1 bxa5 31. Bd2 Qh5 32. Qe1 Qe8 33. Qa1 a4 34.
Qa3 Qd7 35. Qc5 Nh4 36. Be1 Nf3 37. Rf1 Rc6 38. Qa3 Ng5 39. Qxa4 Rf3 40. Rb2
Rxh3+ 0-1

[Event "Dyfed Open"]
[Site "Fishguard"]
[Date "2019.02.23"]
[Round "3.11"]
[White "May, Adam J"]
[Black "Fraser, Susanna"]
[Result "1-0"]
[WhiteElo "1906"]
[BlackElo "1578"]
[PlyCount "41"]
[EventDate "2019.??.??"]

1. c4 Nf6 2. g3 e6 3. Bg2 d5 4. Nf3 Be7 5. O-O O-O 6. b3 c5 7. Bb2 Nc6 8. e3 b6
9. Nc3 Qc7 10. cxd5 exd5 11. d4 Ba6 12. Re1 Nb4 13. Ne5 Bd6 14. a3 Nc6 15. Nxc6
Qxc6 16. dxc5 Qxc5 17. Nxd5 Nxd5 18. Bxd5 Rad8 19. Rc1 Qb5 20. Qd4 Qxd5 21.
Qxg7# 1-0

[Event "Dyfed Open"]
[Site "Fishguard"]
[Date "2019.02.23"]
[Round "3.12"]
[White "Horrell, Stephen A"]
[Black "Buttell, David"]
[Result "0-1"]
[WhiteElo "1592"]
[BlackElo "1793"]
[PlyCount "66"]
[EventDate "2019.??.??"]

1. e4 c5 2. Nc3 Nc6 3. f4 g6 4. Nf3 Bg7 5. Bb5 Nd4 6. O-O a6 7. Bd3 e6 8. Nxd4
Bxd4+ 9. Kh1 b5 10. Ne2 Bg7 11. c3 f5 12. exf5 gxf5 13. Bc2 Nf6 14. d4 Ng4 15.
Qe1 c4 16. Qg3 Bf6 17. Qh3 h5 18. Be3 Bb7 19. Rad1 Bd5 20. Rfe1 Kf7 21. Ng1 Qc7
22. Nf3 Rag8 23. Ng5+ Bxg5 24. fxg5 Rxg5 25. Rd2 Nxe3 26. Rxe3 Qf4 27. Kg1 Rhg8
28. Ree2 Bf3 29. Rf2 Rxg2+ 30. Rxg2 Rxg2+ 31. Rxg2 Qc1+ 32. Kf2 Qxc2+ 33. Kxf3
Qd3+ 0-1

[Event "Dyfed Open"]
[Site "Fishguard"]
[Date "2019.02.23"]
[Round "3.13"]
[White "Haigh, Tony"]
[Black "Jones, Dewi"]
[Result "0-1"]
[WhiteElo "1793"]
[BlackElo "1504"]
[PlyCount "62"]
[EventDate "2019.??.??"]

1. d4 Nf6 2. Bg5 c5 3. Bxf6 exf6 4. Nc3 cxd4 5. Qxd4 Nc6 6. Qe4+ Be7 7. e3 Qa5
8. O-O-O f5 9. Qd5 O-O 10. g3 Bc5 11. Nge2 d6 12. Qb3 Be6 13. Qb5 Qxb5 14. Nxb5
Bxa2 15. b3 a6 16. Nbc3 Ba3+ 17. Kd2 Bxb3 18. cxb3 Bb4 19. Kc2 Rac8 20. Bg2
Bxc3 21. Nxc3 Nb4+ 22. Kb2 Rc7 23. Nd5 Rc2+ 24. Kb1 Rxf2 25. Ne7+ Kh8 26. Bxb7
Re8 27. Rc1 Re2 28. Nxf5 g6 29. Nxd6 R8xe3 30. Rc8+ Kg7 31. Rhc1 Rxb3+ 0-1

[Event "Dyfed Open"]
[Site "Fishguard"]
[Date "2019.02.23"]
[Round "3.14"]
[White "Morgans, Justin"]
[Black "Pinch, David"]
[Result "1-0"]
[WhiteElo "1646"]
[BlackElo "1634"]
[PlyCount "69"]
[EventDate "2019.??.??"]

1. e4 e5 2. Nf3 Nc6 3. Bb5 a6 4. Ba4 Nge7 5. O-O g6 6. d3 Bg7 7. Nc3 O-O 8. Bg5
h6 9. Be3 d6 10. h3 Be6 11. Ne2 Kh7 12. c3 b5 13. Bc2 f5 14. d4 exd4 15. Nfxd4
Bd7 16. Nf4 Nxd4 17. cxd4 Rc8 18. Qc1 fxe4 19. Bxe4 c6 20. Nh5 Ng8 21. Nxg7
Kxg7 22. Qd2 Bf5 23. Bxf5 Rxf5 24. Rac1 g5 25. f4 Rd5 26. fxg5 hxg5 27. Rf3 Nh6
28. Rcf1 Rc7 29. h4 Nf7 30. Rg3 c5 31. hxg5 Re7 32. g6 Ne5 33. Bh6+ Kg8 34. g7
Nd7 35. Rf8+ 1-0

[Event "Dyfed Open"]
[Site "Fishguard"]
[Date "2019.02.23"]
[Round "3.15"]
[White "Orton, Paul"]
[Black "Cooke, Mark"]
[Result "1/2-1/2"]
[WhiteElo "1596"]
[BlackElo "1368"]
[PlyCount "78"]
[EventDate "2019.??.??"]

1. e4 e5 2. Nf3 d5 3. exd5 e4 4. Qe2 Nf6 5. d3 Bb4+ 6. c3 O-O 7. dxe4 Bd6 8.
Bg5 h6 9. Bxf6 Qxf6 10. e5 Qf4 11. exd6 Qc1+ 12. Qd1 Re8+ 13. Be2 Qxb2 14. Nbd2
Rxe2+ 15. Kxe2 b6 16. dxc7 Ba6+ 17. Ke1 Nd7 18. c4 Qc3 19. Kf1 Re8 20. Rc1 Qd3+
21. Kg1 g5 22. h3 Nc5 23. Kh2 Qf5 24. Re1 Rc8 25. Rc3 Nd3 26. Re2 Nf4 27. Re5
Qd7 28. Rce3 Qxc7 29. Re8+ Kh7 30. R3e7 Qd6 31. Qc2+ Ng6+ 32. Re5 Rxe8 33. Ne4
Qb8 34. Nf6+ Kg7 35. Nxe8+ Kf8 36. Qe4 Nxe5 37. Qxe5 Qxe5+ 38. Nxe5 Kxe8 39.
Kg3 f6 1/2-1/2

[Event "Dyfed Open"]
[Site "Fishguard"]
[Date "2019.02.23"]
[Round "3.16"]
[White "Parri, Deio"]
[Black "Andrews, Norman G"]
[Result "1/2-1/2"]
[WhiteElo "1659"]
[BlackElo "1605"]
[PlyCount "36"]
[EventDate "2019.??.??"]

1. d4 Nf6 2. c4 b6 3. Nc3 Bb7 4. Nf3 e6 5. e3 Bb4 6. Bd2 O-O 7. Bd3 d6 8. O-O
Nbd7 9. Re1 e5 10. e4 exd4 11. Nxd4 Nc5 12. Bg5 Nxd3 13. Qxd3 Bxc3 14. bxc3 h6
15. Bxf6 Qxf6 16. f3 Rfe8 17. Nf5 a5 18. Ne3 Rad8 1/2-1/2

[Event "Dyfed Open"]
[Site "Fishguard"]
[Date "2019.02.23"]
[Round "3.17"]
[White "Watkins, Peter"]
[Black "Denham, Colin"]
[Result "1/2-1/2"]
[WhiteElo "1581"]
[BlackElo "1653"]
[PlyCount "85"]
[EventDate "2019.??.??"]

1. e4 e6 2. d4 d5 3. Nc3 Bb4 4. e5 Ne7 5. Nf3 c5 6. a3 Bxc3+ 7. bxc3 c4 8. Be2
Ng6 9. O-O Bd7 10. Be3 b5 11. Qd2 a6 12. Rfe1 Nc6 13. a4 bxa4 14. Rxa4 Ncxe5
15. Raa1 Nxf3+ 16. Bxf3 O-O 17. Qd1 Qc7 18. Bd2 Rfb8 19. Rb1 Rxb1 20. Qxb1 Rb8
21. Qa2 Qb6 22. Ra1 a5 23. h3 a4 24. Qa3 Qc7 25. Bh5 Qb7 26. Bxg6 hxg6 27. Bf4
Ra8 28. Qb4 Qa7 29. Qa3 Qa6 30. Rb1 Qc6 31. Kf1 f6 32. Bd6 Ra6 33. Rb8+ Be8 34.
Bg3 Rb6 35. Rxb6 Qxb6 36. Bf4 Qb1+ 37. Qc1 Qa2 38. Bd6 g5 39. Ke2 Bg6 40. Kd2
a3 41. Bxa3 Bxc2 42. Bb2 Bg6 43. Qa1 1/2-1/2

[Event "Dyfed Open"]
[Site "Fishguard"]
[Date "2019.02.23"]
[Round "3.18"]
[White "Roberts, Malcolm A"]
[Black "Leah, Howard"]
[Result "1/2-1/2"]
[WhiteElo "1630"]
[BlackElo "1613"]
[PlyCount "66"]
[EventDate "2019.??.??"]

1. e4 c5 2. Nf3 e6 3. Nc3 a6 4. a4 Qc7 5. h3 Nc6 6. Bc4 Nf6 7. d3 d6 8. Bg5 Be7
9. O-O O-O 10. Re1 b6 11. Qc1 Bb7 12. Qe3 Rad8 13. Ne2 d5 14. exd5 exd5 15. Bb3
d4 16. Qd2 Na5 17. Ng3 Nxb3 18. cxb3 Bxf3 19. gxf3 Rfe8 20. Nf5 Nd5 21. Nxe7+
Nxe7 22. Re2 f6 23. Bf4 Qd7 24. Rae1 Nd5 25. Kg2 Rxe2 26. Rxe2 Qf5 27. Bg3 Qg6
28. Kh2 Qf5 29. Kg2 Kf8 30. Re4 Qg6 31. Kf1 f5 32. Re5 Qh5 33. Kg2 Qg6 1/2-1/2

[Event "Dyfed Open"]
[Site "Fishguard"]
[Date "2019.02.24"]
[Round "4.1"]
[White "Young, Alan"]
[Black "Zeidler, Sven P."]
[Result "0-1"]
[WhiteElo "2024"]
[BlackElo "2149"]
[PlyCount "70"]
[EventDate "2019.??.??"]

1. e4 Nc6 2. Nc3 Nf6 3. d4 d5 4. e5 Nd7 5. Nf3 Nb6 6. Be2 Bg4 7. O-O e6 8. Ne1
Bxe2 9. Nxe2 h5 10. c3 Ne7 11. Nc2 c5 12. dxc5 Nd7 13. Ncd4 Nxe5 14. f4 Ng4 15.
b4 g6 16. f5 Nxf5 17. Nxf5 gxf5 18. Qe1 b6 19. Nd4 Be7 20. Nxe6 fxe6 21. Qxe6
Qd7 22. Qg6+ Kd8 23. Rxf5 Kc7 24. Bf4+ Kb7 25. Rd1 Rag8 26. c6+ Qxc6 27. Qf7
Re8 28. Rfxd5 Rhf8 29. Rd7+ Ka8 30. Qxh5 Nf6 31. Rc7 Nxh5 32. Rxc6 Nxf4 33. Rc7
Kb8 34. Rc4 Ne2+ 35. Kh1 Bf6 0-1

[Event "Dyfed Open"]
[Site "Fishguard"]
[Date "2019.02.24"]
[Round "4.2"]
[White "Richmond, Jane"]
[Black "Williams, A. Howard"]
[Result "1/2-1/2"]
[WhiteElo "2066"]
[BlackElo "2268"]
[PlyCount "71"]
[EventDate "2019.??.??"]

1. e4 c5 2. Nc3 Nc6 3. Bb5 Nd4 4. Nf3 e6 5. a4 Ne7 6. O-O a6 7. Bc4 Nec6 8. d3
Be7 9. Ne1 O-O 10. f4 Rb8 11. Ba2 b5 12. axb5 axb5 13. Ne2 Ra8 14. Nxd4 cxd4
15. Bd2 Bb7 16. Nf3 f5 17. Qe1 fxe4 18. Qxe4 Qb6 19. Bb3 Nb4 20. Qe5 Bf6 21.
Rxa8 Bxa8 22. Qh5 Nd5 23. f5 Ne3 24. fxe6 dxe6 25. Ng5 Bxg5 26. Rxf8+ Kxf8 27.
Qxg5 b4 28. Qe5 Bd5 29. Bxd5 exd5 30. Bxe3 dxe3 31. d4 b3 32. c3 Qg6 33. Qb8+
Ke7 34. Qe5+ Kf8 35. Qb8+ Ke7 36. Qe5+ 1/2-1/2